Loading...
| Science - Other Science | 0 | 3 | 0 | 1 | 30 | 19 | 51.33 | 1 | 2 |
| Social Science | 0 | 2 | 0 | 0 | 20 | 61 | 65.50 | 0 | 1 |
| Mythology | 0 | 2 | 0 | 0 | 20 | 79 | 79.50 | 0 | 0 |
| Science - Physics | 0 | 2 | 0 | 1 | 20 | 86 | 93.50 | 0 | 0 |
| Science - Chemistry | 0 | 2 | 1 | 0 | 15 | 76 | 86.50 | 0 | 0 |
| Current Events | 0 | 1 | 0 | 1 | 10 | 107 | 107.00 | 0 | 0 |
| Literature - European Literature | 0 | 1 | 0 | 0 | 10 | 37 | 37.00 | 0 | 0 |
| Pop Culture | 0 | 1 | 0 | 0 | 10 | 73 | 73.00 | 0 | 0 |
| Religion | 0 | 1 | 0 | 0 | 10 | 56 | 56.00 | 0 | 1 |
| History - American History | 0 | 0 | 1 | 0 | -5 | 0.00 | 0 | 0 | |
| Literature - American Literature | 0 | 0 | 1 | 0 | -5 | 0.00 | 0 | 0 | |
| History - Other History | 0 | 0 | 1 | 0 | -5 | 0.00 | 0 | 0 | |
| Painting/Sculpture | 0 | 0 | 1 | 0 | -5 | 0.00 | 0 | 0 | |
| Philosophy | 0 | 0 | 1 | 0 | -5 | 0.00 | 0 | 0 | |
| Fine Arts - Other Fine Arts | 0 | 0 | 2 | 0 | -10 | 0.00 | 0 | 0 |